La obra de Colombia en su territorio amazónico. (Record no. 109938)

MARC details
000 -LEADER
campo de control de longitud fija 00518nam a2200181 4500
001 - NÚMERO DE CONTROL
campo de control 109938
003 - IDENTIFICADOR DE NÚMERO DE CONTROL
campo de control ES-MaACL
005 - FECHA Y HORA DE LA ÚLTIMA TRANSACCIÓN
campo de control 20230906184939.0
007 - CAMPO FIJO DE DESCRIPCIÓN FÍSICA--INFORMACIÓN GENERAL
campo de control de longitud fija t|
008 - DATOS DE LONGITUD FIJA--INFORMACIÓN GENERAL
campo de control de longitud fija 061121s1932 sp r ||||1| spa d
245 03 - MENCIÓN DEL TÍTULO
Título La obra de Colombia en su territorio amazónico.
260 ## - PUBLICACIÓN, DISTRIBUCIÓN, ETC.
Lugar de publicación, distribución, etc. Madrid :
Nombre del editor, distribuidor, etc. Ernesto Giménez,
Fecha de publicación, distribución, etc. 1932.
300 ## - DESCRIPCIÓN FÍSICA
Extensión 48 p.
500 ## - NOTA GENERAL
Nota general Documentos publicados por la Legación de Colombia en España.
852 ## - LOCALIZACIÓN
Ubicación ES-MaACL
Número de control de estantería 1819-F-4
852 ## - LOCALIZACIÓN
Ubicación ES-MaACL
Número de control de estantería 1783-F-2
852 ## - LOCALIZACIÓN
Ubicación ES-MaACL
Número de control de estantería 1774-F-2
Holdings
Estatus retirado Estado de pérdida Estado de daño No para préstamo Colección Biblioteca de origen Biblioteca actual Ubicación en estantería Fecha de adquisición Fuente de adquisición Total de préstamos Signatura topográfica completa Código de barras Visto por última vez Precio de reemplazo Tipo de ítem Koha
        Colección de folletos Biblioteca del Ateneo de Madrid Biblioteca del Ateneo de Madrid Depósito folletos 17/01/2008     1783-F-2 1114705 23/02/2023 23/02/2023 Folleto
        Colección de folletos Biblioteca del Ateneo de Madrid Biblioteca del Ateneo de Madrid Depósito folletos 17/01/2008     1774-F-2 1114706 23/02/2023 23/02/2023 Folleto
        Colección de folletos Biblioteca del Ateneo de Madrid Biblioteca del Ateneo de Madrid Depósito folletos 17/01/2008     1819-F-4 1114704 23/02/2023 23/02/2023 Folleto